01118nam a2200193Ia 4500001001100000003001000011008004100021040002500062041001300087100003500100245002700135250001100162260009800173300002700271500023900298501011400537520023900651650003400890L240-12774IT-CnALBA170116s9999||||xx |||||||||||||| ||und|| aIT-CnALBAcIT-CnALBA aITALIANO aDE NARDIS GIUSEPPE, MONSIGNORE 0aALLOCUZIONI AL CLERO.  a1a ed. aFIRENZEbS. ROMOLO, COLLEGIO SERAFICO. FIRENZEc1936 [1° Ed.:1936 - Ed.Ling.Originale: 1936] a245 p. (prefazione: 5) aMESSAGGERI DI DIO. MISSIONI. PREGHIERA. OBBEDIENZA. ZELO. FIDUCIA IN DIO. PASTORI DI ANIME. PREDICAZIONE. FESTE RELIGIOSE. PROTESTANTESIMO. CATECHISMO. CULTO EUCARISTICO. TESTIMONIANZE DI VITA. UMILTÀ. FORTEZZA. PRUDENZA DEL CLERO.  aSocietà San Paolo EM - Piazza San Paolo, 14 - 12051 ALBA (CN) (non commercial uses only) ® Copyright 2017 aMESSAGGERI DI DIO. MISSIONI. PREGHIERA. OBBEDIENZA. ZELO. FIDUCIA IN DIO. PASTORI DI ANIME. PREDICAZIONE. FESTE RELIGIOSE. PROTESTANTESIMO. CATECHISMO. CULTO EUCARISTICO. TESTIMONIANZE DI VITA. UMILTÀ. FORTEZZA. PRUDENZA DEL CLERO.  aTEOLOGIA SPIRITUALE CRISTIANA